|
|
|
|
| LEADER |
00748nam a2200217Ia 4500 |
| 001 |
CTU_127783 |
| 008 |
210402s9999 xx 000 0 und d |
| 020 |
|
|
|c 20000
|
| 082 |
|
|
|a 004.16
|
| 082 |
|
|
|b T123
|
| 100 |
|
|
|a Ngô, Diên Tập
|
| 245 |
|
0 |
|a Giáo trình vi xử lý và cấu trúc máy tính :
|
| 245 |
|
0 |
|b (Dùng cho sinh viên Cao đẳng kỹ thuật)
|
| 245 |
|
0 |
|c Ngô Diên Tập ( Chủ biên),...[ et al.]
|
| 260 |
|
|
|a Hà Nội
|
| 260 |
|
|
|b Giáo Dục
|
| 260 |
|
|
|c 2007
|
| 650 |
|
|
|a Computer science,Microprocessors,Kỹ thuật vi xử lý
|
| 650 |
|
|
|x Study and teaching,Outlines, syllabi, etc
|
| 904 |
|
|
|i Tuyến
|
| 980 |
|
|
|a Trung tâm Học liệu Trường Đại học Cần Thơ
|